|
|
|
|
| LEADER |
01213nam a2200277 a 4500 |
| 001 |
4628930 |
| 008 |
100330r20021979njua b 001 0 eng d |
| 010 |
|
|
|a \\\78021462
|
| 020 |
|
|
|a 8120304179
|
| 020 |
|
|
|a 0132145103 :
|c $21.50
|
| 040 |
|
|
|a DLC
|c DLC
|d DLC
|d BD-DhAAL
|
| 082 |
0 |
0 |
|a 621.3815/3
|2 19
|
| 100 |
1 |
|
|a Mano, M. Morris,
|d 1927-
|
| 245 |
1 |
0 |
|a Digital logic and computer design /
|c M. Morris Mano.
|
| 260 |
|
|
|a Englewood Cliffs, N.J. ;
|a New Delhi :
|b Prentice-Hall,
|c c1979 [reprinted 2002].
|
| 300 |
|
|
|a xii, 612 p. :
|b ill. ;
|c 21 cm.
|
| 504 |
|
|
|a Includes bibliographical references and index.
|
| 541 |
1 |
|
|e 00012276
|
| 650 |
|
0 |
|a Electronic digital computers.
|
| 650 |
|
0 |
|a Logic circuits.
|
| 650 |
|
0 |
|a Digital integrated circuits.
|
| 650 |
|
0 |
|a Logic design.
|
| 852 |
4 |
|
|a Ayesha Abed Library
|j General Shelf
|
| 999 |
|
|
|c 7926
|d 7926
|
| 952 |
|
|
|0 0
|1 4
|2 ddc
|4 0
|6 621_381530000000000_MAN
|7 0
|9 8894
|a BRACUL
|b BRACUL
|c GEN
|d 2010-03-30
|g 195.00
|l 0
|o 621.38153 MAN
|p 3010012276
|r 2010-03-30
|t 1
|w 2010-03-30
|y BK
|x Koha Inventory 2020
|
| 952 |
|
|
|0 0
|1 0
|2 ddc
|4 0
|6 621_381530000000000_MAN
|7 0
|9 9088
|a BRACUL
|b BRACUL
|c GEN
|d 2010-04-08
|g 234.00
|l 45
|m 295
|o 621.38153 MAN
|p 3010012242
|r 2023-05-09
|s 2023-04-04
|t 2
|w 2010-04-08
|y BK
|x RS-195.00
|